Chinese Geography A-Z - Statistics

General Stats
  • This quiz has been taken 575 times
  • The average score is 16 of 26
Answer Stats
Clue Answer % Correct
B City formerly known as Peking Beijing
99%
E Tallest mountain the world shared with Nepal Everest
94%
G Major desert shares with Mongolia Gobi
93%
K Second tallest mountain in the world K2
88%
Y Longest river in Asia Yangtze
86%
T Famous city square in B that was site to a 1989 massacre Tiananmen
83%
L Capital of Tibet Lhasa
81%
S Sea in which China builds artificial islands in order to claim the sea South China Sea
78%
I Important river in Pakistan that has its source in the Tibetan Plateau Indus
77%
V Country R flows into Vietnam
77%
M Major river that starts in Qinghai the flows through Indochina and empties in S Mekong
76%
W Chinese dialect spoken in Shanghai Wu
73%
H Largest island Hainan
71%
U Most populous city in northwestern China Ürümqi
55%
P River delta in which Hong Kong and Macau are located Pearl
54%
A River that makes large portions of the Russian-Chinese border Amur
53%
X Most populous city in F Xiamen
49%
C The largest city proper in the world Chongqing
47%
Q Beer brewery city that was once controlled by Germany until 1914 Qingdao
47%
O Famous hotel in Hong Kong: The Mandarin ______ Oriental
42%
D Major city on the tip of the Liaodong Peninsula Dalian
40%
F Closest Chinese province to Taiwan Fujian
35%
N Capital of Guangxi Nanning
29%
R River that flows in to the Gulf of Tonkin Red River
25%
J Main dialect of province of Shanxi Jin
24%
Z Largest minority ethnic group in China Zhuang
12%
No matching quizzes found
Score Distribution
Percent of People with Each Score
Percentile by Number Answered
Your Score History
You have not taken this quiz